000 01135nam a2200265Ia 4500
003 OSt
005 20221005110337.0
006 a|||||r|||| 00| 0
007 ta
008 221004b |||||||| |||| 00| 0 hin d
020 _a818813533X (hbk)
_c200
024 _a106086
037 _b12952, 18/03/2011, Kitab Ghar
_cTextual
040 _aCRL
_cCRL
_bhin
041 _2hin
_ahin
082 _aO1,3x, 152P9
100 _aबसु, अनुराग, संपा.
245 0 _aविश्वप्रसिद्ध कहानियॉं
_b विश्व - विख्यात कथाकारों की उत्कृष्ट कहानियॉं
246 _aVishvaprasiddha kahāniyaॉan: vishva - vikhyāt kathākāroan kī utkṛuṣhṭa kahāniyaॉan
260 _aनई दिल्ली
_bअनुरोध प्रकाशन भारत
_c2009
300 _a160पृ0
_ccm.
650 _aविश्व कहानी
942 _hO1,3x, 152P9
_cTEXL
_2cc
999 _c1018513
_d1018513